Diesel Engines and Fuel Systems / (Record no. 4405)

MARC details
000 -LEADER
fixed length control field 00831nac a22002051u 4500
008 - FIXED-LENGTH DATA ELEMENTS--GENERAL INFORMATION
fixed length control field 100902t xxu||||| |||| 00| 0 eng d
020 ## - INTERNATIONAL STANDARD BOOK NUMBER
International Standard Book Number 0582909872
082 ## - DEWEY DECIMAL CLASSIFICATION NUMBER
Classification number 621.436
Item number WEL
100 ## - MAIN ENTRY--PERSONAL NAME
Personal name Wellington, B. F.
9 (RLIN) 17798
245 10 - TITLE STATEMENT
Title Diesel Engines and Fuel Systems /
Statement of responsibility, etc Barry Wellington and Allan Asmus
250 ## - EDITION STATEMENT
Edition statement 4th ed.
260 ## - PUBLICATION, DISTRIBUTION, ETC. (IMPRINT)
Place of publication, distribution, etc Melbourne :
Name of publisher, distributor, etc Longman Australia,
Date of publication, distribution, etc 1995.
300 ## - PHYSICAL DESCRIPTION
Extent 585 p. :
Other physical details ill. ;
Dimensions 26 cm.
500 ## - GENERAL NOTE
General note Previous ed.: London: Pitman, 1991.
500 ## - GENERAL NOTE
General note Includes index.
650 #0 - SUBJECT ADDED ENTRY--TOPICAL TERM
Topical term or geographic name as entry element Diesel motor
General subdivision Fuel systems.
9 (RLIN) 17799
700 1# - ADDED ENTRY--PERSONAL NAME
Personal name Asmus, A. F.
Fuller form of name (Alan F.)
9 (RLIN) 17800
942 ## - ADDED ENTRY ELEMENTS (KOHA)
Item type Book - Borrowing
Call number prefix 621.436WEL
Source of classification or shelving scheme Dewey Decimal Classification
Holdings
Withdrawn status Item status Source of classification or shelving scheme Damaged status Not for loan Vendor Home library Current library Shelving location Date acquired Source of acquisition Total Checkouts Total Renewals Full call number Barcode Date last seen Date last borrowed Koha item type
    Dewey Decimal Classification       Central Library Central Library First floor 02/09/2010   4 1 621.436 WEL 000005329 15/07/2025 27/03/2014 Book - Borrowing